Управление системами и процессами: учебник для вузов

Detalles Bibliográficos
Autor principal: Шемелин В. К. Владимир Константинович
Otros Autores: Хазанова О. В. Ольга Владимировна
Sumario:Представлены базовые понятия и модели процесса управления объектами в режиме реального времени, определены типовые функциональные решения при построении систем управления объектами. Рассмотрены особенности и преимущества применения программируемых логических контроллеров (ПЛК) в качестве типовых систем программного управления объектами самого широкого профиля. Показана связь и применение аппарата алгебры логики для интерпретации работы электрических схем, работающих на элементах контактно-релейной логики. Представлены примеры реализации типовых схем переключения, хранения состояний на элементах релейно-контактных схем (РКС). Рассмотрены типовая архитектура ПЛК и особенности функционирования процессора ПЛК, состав его программного обеспечения. Рассмотрены принципы разработки прикладных программ управления объектами, система команд и особенности процесса программирования для ПЛК S7-200 (Siemens). Рассмотрены вопросы организации распределённых систем управления с применением ПЛК. Представлены примеры реализации процессов управления объектами на основе прикладных программ управления в контексте применения ПЛК S7-200.
Lenguaje:ruso
Publicado: Старый Оскол, ТНТ, 2021
Edición:3-е изд., стер.
Materias:
Formato: MixedMaterials Libro
KOHA link:https://koha.lib.tpu.ru/cgi-bin/koha/opac-detail.pl?biblionumber=345929

MARC

LEADER 00000nam0a2200000 4500
001 345929
005 20231102005830.0
010 |a 9785941780495 
035 |a (RuTPU)RU\TPU\book\377782 
035 |a RU\TPU\book\149708 
090 |a 345929 
100 |a 20080521d2021 m y0rusy50 ca 
101 0 |a rus 
102 |a RU 
105 |a a j 001zy 
200 1 |a Управление системами и процессами  |e учебник для вузов  |f В. К. Шемелин, О. В. Хазанова 
205 |a 3-е изд., стер. 
210 |a Старый Оскол  |c ТНТ  |d 2021 
215 |a 320 с.  |c ил. 
320 |a Список литературы: с. 310-312 
330 |a Представлены базовые понятия и модели процесса управления объектами в режиме реального времени, определены типовые функциональные решения при построении систем управления объектами. Рассмотрены особенности и преимущества применения программируемых логических контроллеров (ПЛК) в качестве типовых систем программного управления объектами самого широкого профиля. Показана связь и применение аппарата алгебры логики для интерпретации работы электрических схем, работающих на элементах контактно-релейной логики. Представлены примеры реализации типовых схем переключения, хранения состояний на элементах релейно-контактных схем (РКС). Рассмотрены типовая архитектура ПЛК и особенности функционирования процессора ПЛК, состав его программного обеспечения. Рассмотрены принципы разработки прикладных программ управления объектами, система команд и особенности процесса программирования для ПЛК S7-200 (Siemens). Рассмотрены вопросы организации распределённых систем управления с применением ПЛК. Представлены примеры реализации процессов управления объектами на основе прикладных программ управления в контексте применения ПЛК S7-200. 
606 1 |a Автоматические системы управления  |x Логические схемы  |2 stltpush  |3 (RuTPU)RU\TPU\subj\826  |9 29632 
610 1 |a режим реального времени 
610 1 |a объекты 
610 1 |a управление 
610 1 |a микроконтроллеры 
610 1 |a программируемые логические контроллеры 
610 1 |a ПЛК 
610 1 |a типовые схемы 
610 1 |a релейно-контактные схемы 
610 1 |a системы программирования 
610 1 |a алгебра логики 
610 1 |a алгебра переключений 
610 1 |a расширения 
610 1 |a операции 
610 1 |a распределенные производственные системы 
610 1 |a числовое программное управление 
610 1 |a ЧПУ 
610 1 |a учебники 
675 |a 681.51:681.3(075.8)  |v 4 
700 1 |a Шемелин  |b В. К.  |g Владимир Константинович 
701 1 |a Хазанова  |b О. В.  |g Ольга Владимировна 
801 1 |a RU  |b 63413507  |c 20210416 
801 2 |a RU  |b 63413507  |c 20220112  |g RCR 
942 |c BK 
959 |a 3/20210416  |d 4  |e 867,00  |f УФ:4